Retorisia keinoja - Statistics

Yleistilastot
  • Tätä visaa on pelattu 32 kertaa
  • Keskiarvotulos 7 / 17
Vastaustilastot
Hint Vastaus % Oikein
. retorinen kysymys
100%
. liioittelu tai kärjistys
83%
. puhuttelu
83%
. alku- ja loppusointu
50%
. ironia
50%
. lyhyet virkkeet ja toisto
50%
. superlatiivi
50%
. huudahdus, käsky tai kehotus
33%
. intertekstuaalisuus
33%
. kielikuvat
33%
. me-muoto
33%
luettelo
17%
. sarkasmi
17%
. suostuttelumääritelmä
17%
. vastakkainasettelu
17%
. passiivi
0%
. tunteita herättävät sanat
0%
Ehtoja vastaavia visoja ei löytynyt
Tulosjakauma
Jokaisen tuloksen saaneiden osuus
Persentiili vastausten määrän mukaan
Tuloshistoriasi
Et ole pelannut tätä visaa